书目信息 |
| 题名: |
平面解析几何
|
|
| 作者: | 李希颜 编 | |
| 分册: | ||
| 出版信息: | 石家庄 石家庄师范学院函授部 1957.07 |
|
| 页数: | 123页 | |
| 开本: | 20cm | |
| 丛书名: | ||
| 单 册: | ||
| 中图分类: | O182.1 | |
| 科图分类: | ||
| 主题词: | 几何 , 拓扑 | |
| 电子资源: | ||
| ISBN: | ||
| 000 | 00553nam0 2200205 450 | |
| 001 | 0662184780 | |
| 005 | 20060819171933.34 | |
| 010 | @dCNY0.50 | |
| 100 | @a20060819d1957 km y0chiy0120 ea | |
| 101 | 0 | @achi |
| 200 | 1 | @a平面解析几何@Aping mian jie xi ji he@f李希颜等编@Fli xi yan deng bian |
| 210 | @a石家庄@c石家庄师范学院函授部@d1957.07 | |
| 215 | @a123页@d20cm | |
| 300 | @a数学函授专修科教材 | |
| 606 | 0 | @a几何 |
| 606 | 0 | @a拓扑 |
| 690 | @aO182.1@v3 | |
| 701 | 0 | @a李希颜@Ali xi yan@4编 |
| 801 | 0 | @aCN@bPFT@c20060819 |
| 905 | @a10447@dO182.1@e61 | |
| 平面解析几何/李希颜等编.-石家庄:石家庄师范学院函授部,1957.07 |
| 123页;20cm |
| 数学函授专修科教材 |
| ISBN :CNY0.50 |
| ● |
| 相关链接 |
|
|
|
|
正题名:平面解析几何
索取号:O182.1/61
 
预约/预借
| 序号 | 登录号 | 条形码 | 馆藏地/架位号 | 状态 | 备注 |
| 1 | 0468953 | 204689532 | 密集书库/ [索取号:O182.1/61] | 在馆 |